| 000 | 00590nam a22001937a 4500 | ||
|---|---|---|---|
| 003 | KOHA_MİRAKIL | ||
| 005 | 20241003053857.0 | ||
| 008 | 241002b2019 tu ||||| |||| 00| 0 tur d | ||
| 020 | _a9789753389563 | ||
| 040 |
_aTR-AnABB _btur _cTR-AnABB |
||
| 041 | _atur | ||
| 082 |
_a813.42 _bHOR 2019 |
||
| 100 | 1 |
_aHorata, Osman _9140 |
|
| 245 | 1 | 0 |
_aHas bahçede hazan vakti : _bXVIII. yüzyıl son klasik dönem Türk edebiyatı / _cOsman Horata. |
| 260 |
_aAnkara : _bAkçağ Yayınları, _c2019. |
||
| 300 |
_a294 sayfa ; _c21 cm. |
||
| 650 |
_aTürk edebiyatı, roman _94 |
||
| 942 |
_2ddc _cBK |
||
| 999 |
_c6731 _d6731 |
||
| 900 | _bCan Çelik | ||